00552nam a22001577a 450000500170000000800410001702000180005804100130007608200150008910000570010424501210016125000190028226000350030130000320033665000260036820240111073157.0240111b |||||||| |||| 00| 0 eng d a9780409033656 aEnglish  a346.7 MAL  aMalan, FR ; Pretorius, JT and Du Toit, SF lEnglish  aMalan on Bills of Exchange, Cheques and Promissory Notes in South African / cFR Malan, JT Pretorius and SF Du Toit  aFifth Edition  aDurban : bLexisNexis, c2009  bxiii, 542 pages ; c25 cm.  aLegal practice bLaw